1067 1192 1125 1554 1052 1074 1163 1344 1009 1130 1078 1731 1717 1813 1410 1903 1486 1189 1827 1439 1675 1344 1806 1458 1333 1718 1835 1223 1825 1214 1589 1713 1211 1686 1645 1918 1639 1158 1950 1259 1205 1694 1426 1592 1953 1486 1923 1617 1101 1171 1428 1064 1350 1512 1840 1583 1748 1084 1193 1425 1482 1689 1109 1538 1609 1956 1798 1105 1243 1448 1388 1127 1307 1309 1889 1648 1645 1775 1642 1965 1022 1288 1941 1969 1009 1266 1448 1533 1606 1256 1577 1865 1239 1976 1954 1131 1861 1796 1812 BCNSPRNW ULIB Ver.6.0+V

เปลี่ยนเป็นภาษาไทย

Change to English
 แสดงรายละเอียดบรรณานุกรม
  กลับหน้าหลัก

Brief Record : Get Marc (ISO 2709) : E-mail record : QR code < ปิดหน้าต่าง
LEADER : 00000nam 2200000uu 4500
001    13399128062
003     ULIB
008    220204s||||||||th 000 0 tha d
020 ^   ^a9786163124159 :^c300 บาท
050 0   ^aนว.^bร196พ
100 ^   ^aรอมแพง.
245 1   ^aพรหมลิขิต^cรอมแพง.
250 ^   ^aพิมพ์ครั้งที่ 1.
260 ^   ^aกรุงเทพฯ^bแฮปปี้ บานานา^c2562.
300 ^   ^a536 หน้า ; 19 ซม.
945    ^p300^l0^i29207
999    ^aกัณชพร จุลอักษร
รายการนี้ยังไม่มีแท็ก
คุณยังไม่ได้ล็อกอิน คุณสามารถมีกิจกรรมร่วมกับเว็บไซต์ได้ แต่ต้องล็อกอินก่อน ::
  ล็อกอิน

รายการสื่อสารสนเทศ

ลำดับที่ ประเภท เลขเรียก/บาร์โค้ด สถานที่ สถานะ
1. วิทยาศาสตร์การแพทย์ และสุขภาพ
วิทยาศาสตร์การแพทย์ และสุขภาพ
นว. ร196พ ฉ.1 
  Barcode: 29207
ห้องสมุดวิทยาเขตนครสวรรค์
►นวนิยาย:l:Fiction
บนชั้น

รายการใกล้เคียง
    ผู้แต่ง [รอมแพง.]

BibComment


ยังไม่เคยถูกคอมเมนท์

คอมเมนท์ทรัพยากรรายการนี้
  คอมเมนท์: พรหมลิขิต รอมแพง


 Copyright 2026. Bcnsprnw @Library